02024nam a2200421 a 4500999001500000001001900015003000400034005001700038008004100055015001600096017004600112020001500158035002500173035002100198040002300219043003000242080001900272080002500291090002200316245016000338260005400498300001900552490003700571505017300608650004600781650008700827650008100914700003100995711004701026830003701073907007101110908008001181940000701261942001301268949011001281949010401391952010701495 c7802d7802991048479149706706OSt20231024145056.0990604s1998 spc|||||| o110 ||cat  aLL19992bnc aDL B. 48324-1998bBiblioteca de Catalunya a8495166062 a(ES-BaCBU).b22756711 a(OCoLC)807392241 aES-BaBCbcatcCDMR ae-sp---be-spc--2catmarc a316.77 (061.3) a654.19(467.1)(061.3) aP87.2b.C525 199804aEls Mitjans de comunicació i la societat de la informació :bCicle Joan Costa i Deu : del 5 al 21 de maig de 1998 /c[Joan Brunet i Mauri ... [et al.]] a[Sabadell :bFundació Caixa de Sabadell],c1998 a57 p. ;c30 cm1 aAula de ciència i cultura ;v7 aConté contribucions de: Joan Brunet, Llorenç Gomis, Antonio Franco, Salvador Alsius, Antoni Esteve, Jaume Guillamet, Ramon Rodríguez, Joan Cal i Dolors Altarriba. 7aPeriodismezCatalunyaxCongressos.2lemac 7aMitjans de comunicació de massazCatalunyaxAspectes socialsxCongressos.2lemac 7aSocietat de la informaciózCatalunyaxAspectes socialsxCongressos.2lemac1 aBrunet i Mauri, Joan938692 aCicle Joan Costa i Deud(1998 :cSabadell) 0aAula de ciència i cultura ;v7 a.b22756711b16-06-21c07-05-08d07-05-08emfag-hcatispcj4k20 aBMONaAHCBaAHSaBCaCLRaFBCaUABaUBaUPFaUPCaURLaGEPAaURVaFJMaRABL aBC 2udccMON a1003009271b4art 213-6c1d0e0f18.03.05g1k1300m18.03.05n18.03.05o0pFons: Biblioteca AHS (R. 9669) a1009100404bB 3/2/119c1d0e0f10.02.06g1k1900m10.02.06n10.02.06o0pFons: Biblioteca (R.8042) 00104070aCDMRbCDMRd2023-10-24eDonaciól0oCc 5.1/35pCDMR23100023r2023-10-24w2023-10-24yMON